| 000 | 01267nam a22003614i 4500 | ||
|---|---|---|---|
| 001 | 991061426358206706 | ||
| 003 | ES-BaIT | ||
| 005 | 20250721093853.0 | ||
| 008 | 250625e202504 sp 000 0 spa c | ||
| 017 |
_aDL SG 22-2025 _bOficina DL Segovia |
||
| 020 | _a9788418782626 | ||
| 040 |
_aES-BaIT _bcat _erda _cES-BaIT |
||
| 041 | 1 |
_aspa _hita |
|
| 080 | _a808.1:82-2 | ||
| 080 | _a82-2:808.1 | ||
| 080 | _a850-9"19" | ||
| 100 | 1 |
_aPirandello, Luigi, _d1867-1936 _eautor _939241 |
|
| 240 | 1 | 0 |
_aTaccuino segreto. _lCastellà |
| 245 | 1 | 0 |
_aCuaderno secreto / _cLuigi Pirandello ; traducción y notas de María J. Ortega Máñez |
| 250 | _aPrimera edición | ||
| 264 | 1 |
_aSegovia : _bEdiciones La Uña Rota, _cabril de 2025 |
|
| 300 |
_a150 pàgines ; _c18 cm |
||
| 336 |
_atext _btxt _2rdacontent |
||
| 337 |
_asense mediació _bn _2rdamedia |
||
| 338 |
_avolum _bnc _2rdacarrier |
||
| 490 | 1 | _aColección Libros del apuntador | |
| 600 | 1 | 0 |
_aPirandello, Luigi, _d1867-1936 _vQuaderns d'apunts, d'esbossos, etc. _2lemac _9166745 |
| 650 | 7 |
_aTeatre (Gènere literari) _xArt d'escriure. _2lemac |
|
| 700 | 1 |
_aOrtega Máñez, María José _etraductor, _eeditor literari _9166746 |
|
| 830 |
_aLibros del apuntador _997655 |
||
| 940 | _aCVA7 | ||
| 942 |
_2udc _c1 |
||
| 999 |
_c136418 _d136418 |
||